| 000 | 01525cam a22004097a 4500 | ||
|---|---|---|---|
| 003 | CHAP | ||
| 005 | 20230531062626.0 | ||
| 008 | 971013s1994 r 00010 d | ||
| 010 | _a9409 | ||
| 011 | _a10381 | ||
| 035 | _a9618 | ||
| 040 | _cCHAP | ||
| 090 | _aFolleto 13126 | ||
| 100 | 0 | 0 |
_aFlores Valdez, Claudio Armando. _941768 |
| 245 | 0 | _aProducción, industrialización y comercialización del nopal como verdura en México | |
| 260 |
_aChapingo, Méx. : _bUACH. Centro de Investigaciones Económicas, Sociales y Tecnológicas de la Agroindustria y de la Agricultura Mundial, _c1994 |
||
| 300 | _a16 p. | ||
| 410 | _aUACH. CIESTAAM | ||
| 490 | 0 |
_aReporte de investigación _v; 18 |
|
| 500 | _ac.4 en bodega | ||
| 590 |
_aBATCH-UPD _b10 _c20130110 _lUCH01 _h0019 |
||
| 590 |
_aBATCH-UPD _b10 _c20130110 _lUCH01 _h1744 |
||
| 590 |
_aBATCH-UPD _b10 _c20130410 _lUCH01 _h1123 |
||
| 590 |
_aBATCH-UPD _b10 _c20130914 _lUCH01 _h1420 |
||
| 590 |
_aCONVERSION _b10 _c20130109 _lUCH01 _h1306 |
||
| 650 | 1 | 4 |
_aNopal como forraje. _981712 |
| 650 | 1 | 4 |
_aNopal _xIndustria. _981676 |
| 650 | 1 | 4 |
_aNopal _xMercadeo. _981683 |
| 650 | 1 | 4 |
_aNopal _xMéxico. _981684 |
| 810 | 0 |
_aUACh. CIESTAAM _9115844 |
|
| 830 | 0 |
_aReporte de investigación _v; 18 _996000 |
|
| 901 | _aBK | ||
| 942 | _cFOLL | ||
| 949 |
_aFolleto 13126 _bBC _cFOLL _d-20592 _eTS1 _gI.c/e _i9618 _si _t15.00 |
||
| 949 |
_aFolleto 13126 _bBC _cFOLL _d-62657 _eTS2 _fc.3 _gI.c/e _i9618 _si _t15.00 |
||
| 949 |
_aFolleto 13126 _bBC _cUACH _d33724002037040 _eUACH _fc.2 _gI.c/e _i9618 _sb _t15.00 |
||
| 999 |
_c9409 _d9409 |
||